Способ мягкого контакта и приборы для измерения температуры поверхностей твердых тел; Измерительная техника; № 1

Detalhes bibliográficos
Parent link:Измерительная техника=Measurement Techniques: научно-технический журнал/ Российская Федерация, Федеральное агентство по техническому регулированию и метрологии (Ростехрегулирование) (Госстандарт России).— , 1940-1941, 1955-.— 0368-1025
№ 1.— 2003.— С. 40-43
Autor principal: Денисов М. А.
Idioma:russo
Publicado em: 2003
coleção:Теплофизические измерения
Assuntos:
Formato: Capítulo de Livro
KOHA link:https://koha.lib.tpu.ru/cgi-bin/koha/opac-detail.pl?biblionumber=385102

MARC

LEADER 00000naa2a2200000 4500
001 385102
005 20231101063328.0
035 |a (RuTPU)RU\TPU\prd\12594 
090 |a 385102 
100 |a 20030411a2003 k y0rusy50 ca 
101 0 |a rus 
102 |a RU 
200 1 |a Способ мягкого контакта и приборы для измерения температуры поверхностей твердых тел  |f М. А. Денисов 
225 1 |a Теплофизические измерения 
320 |a Библиогр.: 4 назв. 
461 1 |0 (RuTPU)RU\TPU\prd\1509  |x 0368-1025  |t Измерительная техника  |l Measurement Techniques  |o научно-технический журнал  |f Российская Федерация, Федеральное агентство по техническому регулированию и метрологии (Ростехрегулирование) (Госстандарт России)  |d 1940-1941, 1955- 
463 1 |0 (RuTPU)RU\TPU\prd\12358  |t № 1  |v С. 40-43  |d 2003 
610 1 |a температура поверхности 
610 1 |a контактная термопара 
610 1 |a промышленный эксперимент 
675 |a 536.5  |v 3 
700 1 |a Денисов  |b М. А. 
801 1 |a RU  |b 63413507  |c 20030411  |g PSBO 
801 2 |a RU  |b 63413507  |c 20121217  |g RCR 
942 |c BK